[Event "Chinese Team Championship"]
[Site "China CHN"]
[Date "2015.04.12"]
[EventDate "2015.04.10"]
[Round "3.3"]
[Result "1/2-1/2"]
[White "Shen Yang"]
[Black "Ju Wenjun"]
[WhiteElo "2459"]
[BlackElo "2557"]
[PlyCount "65"]

1. d4 Nf6 2. c4 g6 3. Nc3 Bg7 4. e4 d6 5. Be2 O-O 6. Nf3 e5
7. O-O Nc6 8. d5 Ne7 9. b4 Nh5 10. Re1 f5 11. Ng5 Nf6 12. Bf3
h6 13. Ne6 Bxe6 14. dxe6 c6 15. b5 fxe4 16. Nxe4 Nxe4 17. Bxe4
d5 18. cxd5 cxd5 19. Ba3 dxe4 20. Qxd8 Rfxd8 21. Bxe7 Re8
22. Bc5 Rxe6 23. Rxe4 a6 24. bxa6 Rexa6 25. a3 Bf8 26. Bxf8
Kxf8 27. Re3 b5 28. Rb3 b4 29. Rxb4 Rxa3 30. Rxa3 Rxa3 31. h4
Kf7 32. Rb6 h5 33. g3 1/2-1/2

[Event "Chinese Team Championship"]
[Site "China CHN"]
[Date "2015.04.13"]
[EventDate "2015.04.10"]
[Round "4.4"]
[Result "1/2-1/2"]
[White "Zhao Xue"]
[Black "Shen Yang"]
[WhiteElo "2527"]
[BlackElo "2459"]
[PlyCount "124"]

1. d4 d5 2. c4 c6 3. Nf3 Nf6 4. Qb3 e6 5. Nc3 Nbd7 6. Bf4 Be7
7. e3 Nh5 8. Bg3 O-O 9. Qc2 h6 10. Be2 dxc4 11. Bxc4 Qa5
12. Rd1 b5 13. Bd3 Bb7 14. a3 b4 15. axb4 Qxb4 16. Ra1 c5
17. Bb5 Nb6 18. Ne5 Nxg3 19. Nd3 Nxh1 20. Nxb4 cxb4 21. Ne4
Rfc8 22. Qd3 f5 23. Nd2 Bxg2 24. Ke2 Bh4 25. f3 Nf2 26. Qb3
Kh8 27. Qxe6 f4 28. e4 Rc2 29. Rg1 Rxd2+ 30. Kxd2 Bxf3 31. Bc6
Rd8 32. Kc2 Rc8 33. Kb3 Rxc6 34. Qxc6 Bxe4 35. Qd6 Bf6
36. Qxf4 Bd5+ 37. Kc2 b3+ 38. Kb1 Be4+ 39. Ka1 Bxd4 40. Rg3
Nc4 41. Rxb3 Nxb2 42. Ka2 Nbd1 43. Qf7 Kh7 44. Qc4 Bf6 45. Ka3
Be5 46. h3 a5 47. Qc5 a4 48. Kxa4 Nd3 49. Qc8 Bd6 50. Ka5 N1b2
51. Rb5 Bg6 52. Qc3 Be5 53. Qc6 Nd1 54. Qf3 Bc7+ 55. Ka6 Nc3
56. Rf5 Ne4 57. Qxe4 Nc5+ 58. Rxc5 Bxe4 59. Rxc7 Kg6 60. Kb6
Kf6 61. h4 g6 62. Rc5 g5 1/2-1/2

[Event "Women's World Team Championship"]
[Site "Chengdu CHN"]
[Date "2015.04.25"]
[EventDate "2015.04.19"]
[Round "6.3"]
[Result "1/2-1/2"]
[White "Dinara Saduakassova"]
[Black "Shen Yang"]
[WhiteElo "2393"]
[BlackElo "2459"]
[PlyCount "85"]

1.d4 Nf6 2.c4 e6 3.Nf3 d5 4.Qc2 c5 5.dxc5 Nc6 6.a3 Bxc5 7.cxd5
Qxd5 8.Nc3 Qf5 9.e4 Qg6 10.Bf4 O-O 11.O-O-O e5 12.Nxe5 Nxe5
13.Bxe5 Qg5+ 14.f4 Be3+ 15.Kb1 Bxf4 16.Bd4 Be6 17.h4 Qh6
18.Nd5 Nxd5 19.exd5 Rac8 20.Bc3 Bg4 21.Be2 Bxe2 22.Qxe2 Rfe8
23.Qf2 Qg6+ 24.Ka2 Be3 25.Qe2 Bc5 26.Qd2 Qg4 27.Qg5 Qxg5
28.hxg5 Rcd8 29.Rh5 Bf8 30.Rdh1 h6 31.gxh6 gxh6 32.g4 Bg7
33.Bxg7 Kxg7 34.Rxh6 Re4 35.Rh7+ Kf8 36.g5 Rg4 37.Rh8+ Ke7
38.Re1+ Kd7 39.Rxd8+ Kxd8 40.Re5 Kd7 41.Kb3 Rf4 42.Kc3 Kd6
43.Re8 1/2-1/2

[Event "Chinese Championship (Women)"]
[Site "Xinghua CHN"]
[Date "2015.05.18"]
[EventDate "2015.05.18"]
[Round "1.6"]
[Result "1/2-1/2"]
[White "Ding Yixin"]
[Black "Shen Yang"]
[WhiteElo "2433"]
[BlackElo "2449"]
[PlyCount "123"]

1. e4 e5 2. Bc4 Nf6 3. Nc3 Nc6 4. d3 Bb4 5. Bd2 Na5 6. Nge2 d6
7. O-O Nxc4 8. dxc4 Be6 9. b3 h6 10. Ng3 Bc5 11. Qf3 Bd4
12. h3 O-O 13. Rad1 Nh7 14. Nd5 Kh8 15. Bc1 a5 16. a4 Rc8
17. Nf5 Bxf5 18. exf5 c6 19. Nc3 Re8 20. Ne2 e4 21. Qh5 Be5
22. Qxf7 Qh4 23. Qg6 Rf8 24. Qg4 Qxg4 25. hxg4 Nf6 26. f4 exf3
27. gxf3 d5 28. Bf4 Rfe8 29. Bxe5 Rxe5 30. Nf4 Kg8 31. cxd5
cxd5 32. Rf2 Rc3 33. Kg2 Kf7 34. Ne6 b6 35. Nd4 Rc5 36. Rdd2
Nd7 37. Rfe2 Rc3 38. Ne6 Rxe2+ 39. Rxe2 Nc5 40. Nd4 Na6
41. Re6 Nb4 42. Rxb6 Nxc2 43. Nxc2 Rxc2+ 44. Kg3 d4 45. Rd6
Rd2 46. Rd5 Rd3 47. Rb5 Kf6 48. Kf4 Re3 49. Rb6+ Kf7 50. Rd6
Rxb3 51. Rxd4 Ra3 52. Ke4 Kf6 53. f4 Rb3 54. Rc4 h5 55. gxh5
Ra3 56. Kd4 Rf3 57. Kc5 Rb3 58. Kd4 Rf3 59. Rc6+ Kf7 60. Ke4
Ra3 61. Rc4 Kf6 62. Kd4 1/2-1/2

[Event "Chinese Championship (Women)"]
[Site "Xinghua CHN"]
[Date "2015.05.19"]
[EventDate "2015.05.18"]
[Round "2.1"]
[Result "0-1"]
[White "Shiqun Ni"]
[Black "Shen Yang"]
[WhiteElo "2393"]
[BlackElo "2449"]
[PlyCount "166"]

1. e4 e5 2. Nf3 Nc6 3. Nc3 Nf6 4. d4 exd4 5. Nxd4 Bb4 6. Nxc6
bxc6 7. Bd3 O-O 8. O-O Re8 9. Bg5 h6 10. Bh4 Rb8 11. f4 Be7
12. e5 Nd5 13. Bxe7 Qxe7 14. Nxd5 cxd5 15. b3 d6 16. Qh5 dxe5
17. fxe5 Be6 18. a3 c5 19. Kh1 c4 20. bxc4 dxc4 21. Bf5 Rb5
22. Rae1 Qg5 23. Qxg5 hxg5 24. Bxe6 Rxe6 25. Re4 Rc5 26. Rfe1
Kf8 27. Kg1 Ke7 28. Rg4 f6 29. exf6+ gxf6 30. Rxe6+ Kxe6
31. Rd4 Ke5 32. c3 Ra5 33. Rxc4 Rxa3 34. Kf2 a5 35. Ke3 Ra2
36. g3 Kd5 37. Rd4+ Kc5 38. h4 Rc2 39. Ra4 Kb5 40. Kd3 Rg2
41. Rg4 gxh4 42. Rxh4 Rxg3+ 43. Kc2 Rf3 44. Kb3 Rf5 45. Rh8
Rc5 46. Rf8 Rc6 47. c4+ Kc5 48. Kc3 Re6 49. Rc8+ Kb6 50. Ra8
Re4 51. Kd3 Rf4 52. Kc3 Rf5 53. Rb8+ Kc7 54. Rf8 Kd6 55. Ra8
Kc7 56. Rf8 Kb7 57. Rf7+ Kb6 58. Rf8 Rf4 59. Rb8+ Kc6 60. Ra8
Rf3+ 61. Kd4 Rf5 62. Rf8 Rf4+ 63. Kc3 Rf3+ 64. Kd4 a4 65. Ra8
a3 66. Ke4 Rh3 67. Kd4 f5 68. Ra5 Rf3 69. Ra6+ Kb7 70. Ra4 Kb6
71. Ra8 f4 72. Ke4 Rc3 73. Kxf4 Kc5 74. Ke4 Kxc4 75. Ra7 Rh3
76. Ra8 Kb3 77. Rb8+ Kc2 78. Ra8 Kb2 79. Rb8+ Rb3 80. Rh8 a2
81. Rh2+ Ka3 82. Rh1 Rb1 83. Rh3+ Kb4 0-1

[Event "Chinese Championship (Women)"]
[Site "Xinghua CHN"]
[Date "2015.05.20"]
[EventDate "2015.05.18"]
[Round "3.6"]
[Result "1-0"]
[White "Shen Yang"]
[Black "Yiyi Xiao"]
[WhiteElo "2449"]
[BlackElo "2253"]
[PlyCount "83"]

1. d4 Nf6 2. c4 e6 3. Nc3 Bb4 4. Nf3 O-O 5. Qc2 d6 6. g3 Nbd7
7. a3 Bxc3+ 8. Qxc3 b6 9. Bg2 Bb7 10. O-O c5 11. b4 Rc8
12. dxc5 bxc5 13. b5 e5 14. Bb2 Qe7 15. a4 Rfe8 16. Rad1 e4
17. Nd2 Ne5 18. f4 Ned7 19. e3 Qe6 20. Ba1 Qg4 21. Rfe1 d5
22. cxd5 Nxd5 23. Qc1 Qg6 24. Nc4 h5 25. Qb2 Ba8 26. Bh3 N7f6
27. Nd6 Ng4 28. Nxc8 Rxc8 29. a5 c4 30. b6 axb6 31. axb6 Bb7
32. Rxd5 c3 33. Qb3 c2 34. Rc1 Bxd5 35. Qxd5 Nxe3 36. Qd4 Ng4
37. b7 Rb8 38. Rxc2 Rxb7 39. Rc8+ Kh7 40. Bxg4 hxg4 41. Kg2
Rb1 42. Qd8 1-0

[Event "Chinese Championship (Women)"]
[Site "Xinghua CHN"]
[Date "2015.05.21"]
[EventDate "2015.05.18"]
[Round "4.2"]
[Result "0-1"]
[White "Wang Jue"]
[Black "Shen Yang"]
[WhiteElo "2369"]
[BlackElo "2449"]
[PlyCount "132"]

1. e4 e5 2. Nf3 Nc6 3. Bb5 a6 4. Ba4 Nf6 5. O-O Bc5 6. d3 b5
7. Bb3 d6 8. c3 h6 9. a4 Bd7 10. h3 O-O 11. Re1 Bb6 12. Nbd2
Na5 13. Bc2 c5 14. Nf1 b4 15. Ne3 Rb8 16. Nh2 Be6 17. Nhg4
Nxg4 18. hxg4 b3 19. Bb1 c4 20. dxc4 Bxe3 21. Rxe3 Nxc4
22. Rg3 f6 23. Qe2 Qd7 24. Bd3 Rfc8 25. Be3 a5 26. f3 Nxe3
27. Qxe3 Bc4 28. Rh3 d5 29. exd5 Qxd5 30. Be4 Qd6 31. Rh2 Rd8
32. g3 Qb6 33. Qf2 Rd7 34. Bf5 Qxf2+ 35. Rxf2 Rd6 36. Re1 Rbd8
37. Re4 Rd1+ 38. Kg2 Bd5 39. Re3 Kf8 40. Bd3 Bc6 41. Bb5 Bxb5
42. axb5 Rc1 43. Re4 Rb8 44. c4 Rc8 45. Rd2 Rc2 46. Ree2 R8xc4
47. b6 Rxd2 48. Rxd2 Rb4 49. Rd5 Rxb6 50. Rxa5 Rc6 51. f4 exf4
52. gxf4 Rc2+ 53. Kf3 Rxb2 54. Ke4 Re2+ 55. Kf3 b2 56. Rb5 Rc2
57. Rb7 g6 58. Ke4 Ke8 59. f5 g5 60. Kd5 Re2 61. Kd6 h5
62. gxh5 Kf8 63. h6 Kg8 64. Kd5 g4 65. h7+ Kh8 66. Kd4 g3 0-1

[Event "Chinese Championship (Women)"]
[Site "Xinghua CHN"]
[Date "2015.05.22"]
[EventDate "2015.05.18"]
[Round "5.5"]
[Result "1/2-1/2"]
[White "Shen Yang"]
[Black "Mo Zhai"]
[WhiteElo "2449"]
[BlackElo "2330"]
[PlyCount "63"]

1. d4 Nf6 2. c4 e6 3. Nf3 d5 4. Nc3 Bb4 5. Bg5 h6 6. Bxf6 Qxf6
7. Qa4+ Nc6 8. e3 O-O 9. Be2 Bd7 10. Qb3 dxc4 11. Qxc4 Qe7
12. O-O Na5 13. Qd3 c5 14. dxc5 Bxc5 15. Ne4 Rfd8 16. Nxc5
Qxc5 17. Rac1 Qb6 18. Ne5 Be8 19. Qc3 Nc6 20. Nxc6 Bxc6
21. Rfd1 Rxd1+ 22. Rxd1 Rd8 23. Rc1 Rd6 24. b4 a6 25. Rd1 Qd8
26. Rxd6 Qxd6 27. h3 Qd5 28. Bf3 Qxa2 29. Bxc6 bxc6 30. Qxc6
Qb1+ 31. Kh2 Qxb4 32. Qxa6 1/2-1/2

[Event "Chinese Championship (Women)"]
[Site "Xinghua CHN"]
[Date "2015.05.24"]
[EventDate "2015.05.18"]
[Round "6.3"]
[Result "0-1"]
[White "Ying Zhu"]
[Black "Shen Yang"]
[WhiteElo "2128"]
[BlackElo "2449"]
[PlyCount "98"]

1. e4 e5 2. Nf3 Nc6 3. Bb5 a6 4. Ba4 Nf6 5. O-O Be7 6. Re1 b5
7. Bb3 d6 8. c3 O-O 9. h3 h6 10. d4 Re8 11. Nbd2 Bf8 12. Nf1
Bb7 13. Ng3 g6 14. Nh2 Na5 15. Bc2 exd4 16. cxd4 c5 17. d5 Bg7
18. Rb1 Nc4 19. b3 Nb6 20. Bb2 Rc8 21. Rc1 c4 22. Bd4 a5
23. Bb1 Ba6 24. f4 b4 25. Qf3 cxb3 26. axb3 Rxc1 27. Rxc1 Nxe4
28. Bxg7 Nxg3 29. Qxg3 Kxg7 30. Bd3 Bxd3 31. Qxd3 Nd7 32. Ng4
h5 33. Qd4+ Kh7 34. Ne3 Qf6 35. Qxf6 Nxf6 36. Nc4 Nxd5 37. Rd1
Nxf4 38. Rxd6 Kg7 39. Nxa5 Re2 40. Rd4 Rxg2+ 41. Kf1 Rg1+
42. Kxg1 Ne2+ 43. Kf2 Nxd4 44. Ke3 Ne6 45. Kd3 Nf4+ 46. Kc4
Nxh3 47. Kxb4 Nf4 48. Nc4 h4 49. Ne3 Nd5+ 0-1

[Event "Chinese Championship (Women)"]
[Site "Xinghua CHN"]
[Date "2015.05.25"]
[EventDate "2015.05.18"]
[Round "7.4"]
[Result "1/2-1/2"]
[White "Shen Yang"]
[Black "Qi Guo"]
[WhiteElo "2449"]
[BlackElo "2424"]
[PlyCount "64"]

1. c4 Nf6 2. Nc3 c5 3. Nf3 b6 4. g3 Bb7 5. Bg2 e6 6. O-O Be7
7. d4 cxd4 8. Nxd4 Bxg2 9. Kxg2 Qc8 10. Qd3 Nc6 11. Nxc6 Qxc6+
12. e4 O-O 13. f3 Rac8 14. b3 d5 15. exd5 exd5 16. Nxd5 Nxd5
17. cxd5 Qc2+ 18. Qxc2 Rxc2+ 19. Rf2 Rxf2+ 20. Kxf2 Rd8
21. Be3 Rxd5 22. Rc1 Rd7 23. Rc8+ Bd8 24. Ke2 f6 25. Rc3 Kf7
26. Rd3 Ke6 27. Rxd7 Kxd7 28. Kd3 Ke6 29. Ke4 Kd6 30. Kd4 Ke6
31. Ke4 Kd6 32. Kd4 Ke6 1/2-1/2

[Event "Chinese Championship (Women)"]
[Site "Xinghua CHN"]
[Date "2015.05.26"]
[EventDate "2015.05.18"]
[Round "8.4"]
[Result "1-0"]
[White "Tan Zhongyi"]
[Black "Shen Yang"]
[WhiteElo "2475"]
[BlackElo "2449"]
[PlyCount "125"]

1. Nf3 d5 2. d4 Nf6 3. c4 c6 4. Nc3 a6 5. c5 Nbd7 6. Bf4 Nh5
7. Bd2 Nhf6 8. Qc2 g6 9. h3 Bg7 10. Bf4 O-O 11. e3 b6 12. cxb6
Qxb6 13. Be2 c5 14. O-O cxd4 15. exd4 Bb7 16. Na4 Qa7 17. Rac1
Rac8 18. Qb3 Ne4 19. Nc3 e6 20. Rfd1 Rfd8 21. a4 Nb8 22. Be3
Nd6 23. Ne5 Nc6 24. Nxc6 Bxc6 25. Qc2 a5 26. Bd3 Be8 27. Qe2
Qb6 28. Bg5 f6 29. Bxf6 Bxf6 30. Qxe6+ Kg7 31. Qxf6+ Kxf6
32. Nxd5+ Kg7 33. Nxb6 Rb8 34. Rc7+ Nf7 35. Nc4 Bxa4 36. Ra1
Be8 37. Rxa5 Rxd4 38. Be2 Rd7 39. Raa7 Rxc7 40. Rxc7 Kf6
41. Bf3 Rb4 42. Bd5 g5 43. Ne3 h5 44. b3 Ne5 45. Bc4 Rb8
46. g4 hxg4 47. Nxg4+ Nxg4 48. hxg4 Ke5 49. Rc5+ Kf4 50. Be6
Bg6 51. Rc8 Rb7 52. Rf8+ Ke5 53. Bc4 Ra7 54. Kg2 Be4+ 55. f3
Bg6 56. Rg8 Ra2+ 57. Kg3 Kf6 58. Rd8 Ra1 59. Rd6+ Kg7 60. Rd5
Kf6 61. Rd6+ Kg7 62. Kf2 Ra3 63. Ra6 1-0

[Event "Chinese Championship (Women)"]
[Site "Xinghua CHN"]
[Date "2015.05.27"]
[EventDate "2015.05.18"]
[Round "9.3"]
[Result "1-0"]
[White "Shen Yang"]
[Black "Zhang Xiaowen"]
[WhiteElo "2449"]
[BlackElo "2353"]
[PlyCount "71"]

1. d4 Nf6 2. c4 e6 3. Nc3 d5 4. Bg5 Be7 5. e3 h6 6. Bh4 O-O
7. Rc1 dxc4 8. Bxc4 c5 9. Nf3 cxd4 10. exd4 Nc6 11. O-O b6
12. Re1 Bb7 13. a3 Na5 14. Ba2 Bxf3 15. gxf3 Rc8 16. Qd3 Nh5
17. Bg3 Nxg3 18. hxg3 Bf6 19. Rcd1 Nc6 20. Bb1 Re8 21. d5 Nd4
22. Qe4 g6 23. Rxd4 Bxd4 24. Qxd4 exd5 25. Rxe8+ Qxe8 26. Kg2
Rc4 27. Qxd5 Qc6 28. Qd8+ Kg7 29. Ba2 Qc7 30. Qe8 Rc5 31. Nd5
Qc8 32. Qe5+ Kh7 33. b4 Rc1 34. Nf6+ Kg7 35. Nh5+ Kf8 36. Qd6+
1-0

[Event "Chinese Championship (Women)"]
[Site "Xinghua CHN"]
[Date "2015.05.28"]
[EventDate "2015.05.18"]
[Round "10.5"]
[Result "1/2-1/2"]
[White "Tingjie Lei"]
[Black "Shen Yang"]
[WhiteElo "2449"]
[BlackElo "2449"]
[PlyCount "93"]

1. d4 d5 2. c4 c6 3. cxd5 cxd5 4. Bf4 Nf6 5. Nc3 Nc6 6. e3 Bf5
7. Qb3 Na5 8. Bb5+ Bd7 9. Qd1 e6 10. Bd3 Bb4 11. Nf3 Rc8
12. O-O O-O 13. Ne5 h6 14. Rc1 a6 15. Nxd7 Qxd7 16. Be5 Be7
17. Qe2 Nc4 18. b3 Nxe5 19. dxe5 Nh7 20. Bb1 Rfd8 21. Qd3 Nf8
22. Ne2 Rxc1 23. Rxc1 Rc8 24. Rd1 Qb5 25. Qxb5 axb5 26. e4
dxe4 27. Bxe4 Rc7 28. Kf1 b4 29. f4 Nd7 30. Nd4 Nc5 31. Nb5
Rc8 32. Bb1 g5 33. g3 gxf4 34. gxf4 Rd8 35. Rxd8+ Bxd8 36. Ke2
f6 37. exf6 Bxf6 38. Ke3 Bb2 39. Nd6 Kg7 40. Nc4 Bc3 41. Be4
Kf6 42. Na5 e5 43. fxe5+ Bxe5 44. h3 Kg5 45. Nxb7 Nxb7
46. Bxb7 Bb2 47. Ke4 1/2-1/2

[Event "Chinese Championship (Women)"]
[Site "Xinghua CHN"]
[Date "2015.05.29"]
[EventDate "2015.05.18"]
[Round "11.2"]
[Result "1-0"]
[White "Shen Yang"]
[Black "Xueyi Li"]
[WhiteElo "2449"]
[BlackElo "2226"]
[PlyCount "39"]

1. c4 e5 2. Nc3 Nf6 3. Nf3 Nc6 4. e4 Bc5 5. Nxe5 Nxe5 6. d4
Bb4 7. dxe5 Nxe4 8. Qd4 Bxc3+ 9. bxc3 Ng5 10. Ba3 b6 11. f4
Ne6 12. Qf2 c5 13. f5 Nc7 14. Bd3 O-O 15. f6 Ne6 16. Qh4 g6
17. Be4 Rb8 18. O-O Bb7 19. Bd5 Bxd5 20. cxd5 1-0

[Event "Chinese Team Championship"]
[Site "China CHN"]
[Date "2015.06.04"]
[EventDate "2015.04.10"]
[Round "5.4"]
[Result "1/2-1/2"]
[White "Shen Yang"]
[Black "Tan Zhongyi"]
[WhiteElo "2459"]
[BlackElo "2487"]
[PlyCount "59"]

1. d4 d5 2. c4 e6 3. Nc3 Bb4 4. cxd5 exd5 5. Bf4 c5 6. e3 c4
7. Bxb8 Bxc3+ 8. bxc3 Rxb8 9. Qa4+ b5 10. Qxa7 Bf5 11. Qc5 Ne7
12. Be2 Qa5 13. Kd2 O-O 14. Nf3 Rfc8 15. Qb4 Qd8 16. Rhc1 Nc6
17. Qb2 b4 18. Ke1 Qd6 19. Kf1 f6 20. Kg1 bxc3 21. Qxc3 Qb4
22. Ne1 Qxc3 23. Rxc3 Rb2 24. Bf3 Rd8 25. g4 Bb1 26. a4 Na5
27. Bd1 Rdb8 28. Bf3 Rd8 29. Bd1 Rdb8 30. Bf3 1/2-1/2

[Event "Chinese Team Championship"]
[Site "China CHN"]
[Date "2015.06.05"]
[EventDate "2015.04.10"]
[Round "6.3"]
[Result "0-1"]
[White "Mo Zhai"]
[Black "Shen Yang"]
[WhiteElo "2324"]
[BlackElo "2459"]
[PlyCount "82"]

1. d4 d5 2. c4 e6 3. Nc3 c6 4. Bf4 dxc4 5. e3 b5 6. Be2 Bb7
7. Nf3 Nf6 8. O-O Nbd7 9. Ne5 Bb4 10. Qc2 O-O 11. Bg5 Be7
12. Rfd1 Rc8 13. a4 a6 14. Bf3 Nxe5 15. dxe5 Nd5 16. Bxe7 Qxe7
17. Ne4 Nb4 18. Qc3 c5 19. axb5 Bxe4 20. Bxe4 axb5 21. Rd6
Rfd8 22. Rad1 f5 23. Bf3 Rxd6 24. exd6 Qf6 25. Qa3 Nd3 26. Qa6
Rd8 27. Qxb5 Qxb2 28. Qxb2 Nxb2 29. Rd2 c3 30. Rc2 Na4 31. Rc1
Rxd6 32. Bd1 Nb2 33. Be2 Rd2 34. Kf1 c2 35. Ke1 Rd1+ 36. Bxd1
cxd1=Q+ 37. Rxd1 Nxd1 38. Kxd1 Kf8 39. Kd2 Ke7 40. Kd3 Kd6
41. Kc4 g5 0-1

[Event "Chinese Team Championship"]
[Site "China CHN"]
[Date "2015.06.06"]
[EventDate "2015.04.10"]
[Round "7.5"]
[Result "1-0"]
[White "Shen Yang"]
[Black "Xiaoyi Ren"]
[WhiteElo "2459"]
[BlackElo "2211"]
[PlyCount "48"]

1. d4 d5 2. Nf3 Nf6 3. c4 c6 4. Nc3 g6 5. e3 Bg7 6. Be2 dxc4
7. Bxc4 O-O 8. O-O Bg4 9. h3 Bxf3 10. Qxf3 Nbd7 11. Rd1 e5
12. a4 exd4 13. exd4 Nb6 14. Bb3 Nbd5 15. a5 Qd6 16. Bg5 Nxc3
17. bxc3 Nd5 18. Rab1 b6 19. c4 Nb4 20. c5 bxc5 21. Bf4 Qf6
22. dxc5 Qc3 23. Rd7 Qxf3 24. gxf3 Rad8 1-0

[Event "Chinese Team Championship"]
[Site "China CHN"]
[Date "2015.07.24"]
[EventDate "2015.04.10"]
[Round "8.2"]
[Result "1-0"]
[White "Bela Khotenashvili"]
[Black "Shen Yang"]
[WhiteElo "2513"]
[BlackElo "2459"]
[PlyCount "87"]

1. c4 Nf6 2. Nf3 c6 3. g3 d5 4. Bg2 Bf5 5. cxd5 cxd5 6. Qb3
Qb6 7. Qxb6 axb6 8. Nc3 Nc6 9. d3 e6 10. Nb5 Bb4+ 11. Bd2 Ke7
12. Nfd4 Bxd2+ 13. Kxd2 Bg6 14. f4 Ra5 15. a4 h5 16. h3 Nd7
17. b3 f6 18. f5 exf5 19. Rhf1 Nxd4 20. Nxd4 h4 21. Nxf5+ Bxf5
22. Rxf5 hxg3 23. b4 Ra7 24. Rxd5 Rha8 25. a5 Rc8 26. Rb1 Rc7
27. Rb5 bxa5 28. bxa5 Rc5 29. Rxc5 Nxc5 30. d4 Ne6 31. Rxb7+
Rxb7 32. Bxb7 Nxd4 33. Ke3 Nf5+ 34. Kf4 Nd4 35. a6 Nb5
36. Kxg3 Kd6 37. Kf4 g5+ 38. Kf5 Ke7 39. e4 Nd6+ 40. Kg6 Nb5
41. e5 fxe5 42. Kxg5 Kd6 43. h4 Kc7 44. Kf5 1-0

[Event "Chinese Team Championship"]
[Site "China CHN"]
[Date "2015.07.25"]
[EventDate "2015.04.10"]
[Round "9.6"]
[Result "1-0"]
[White "Shen Yang"]
[Black "Manli Liu"]
[WhiteElo "2459"]
[BlackElo "2033"]
[PlyCount "81"]

1. d4 d5 2. c4 e6 3. Nc3 Nf6 4. cxd5 exd5 5. Bg5 c6 6. e3 Be7
7. Qc2 Nbd7 8. Bd3 Nh5 9. Bxe7 Qxe7 10. Nge2 g6 11. g4 Ng7
12. h3 Nb6 13. O-O-O Be6 14. Nf4 O-O-O 15. Nxe6 Qxe6 16. Ne2
Qe7 17. h4 h5 18. g5 Kb8 19. Kb1 Rc8 20. Rc1 Ne6 21. Nf4 Nxf4
22. exf4 f5 23. gxf6 Qxf6 24. Bxg6 Qxf4 25. Qd3 Nc4 26. Rc2
Nb6 27. Rcc1 Nc4 28. Rc2 Rcg8 29. Re2 Qf6 30. Bf5 Rf8 31. Re6
Qd8 32. b3 Nd6 33. Qg3 Rxf5 34. Rxd6 Qc7 35. Re1 Rf7 36. Rh6
Rhf8 37. Rxh5 Qxg3 38. fxg3 Rf2 39. Rhe5 Kc7 40. R1e2 Rf1+
41. Kb2 1-0

[Event "Chinese Team Championship"]
[Site "China CHN"]
[Date "2015.07.26"]
[EventDate "2015.04.10"]
[Round "10.1"]
[Result "0-1"]
[White "Shen Yang"]
[Black "Valentina Gunina"]
[WhiteElo "2459"]
[BlackElo "2528"]
[PlyCount "128"]

1. d4 d5 2. Nf3 Nf6 3. c4 c6 4. Nc3 dxc4 5. a4 Bf5 6. Ne5 Nbd7
7. Nxc4 Nb6 8. Ne5 a5 9. h4 Nbd7 10. Qb3 Nxe5 11. dxe5 Nd7
12. e4 Be6 13. Qxb7 Rb8 14. Qa7 Ra8 15. Qd4 f6 16. exf6 exf6
17. Be3 Bc5 18. Qd2 Qb6 19. Be2 O-O 20. Bxc5 Nxc5 21. O-O Nb3
22. Qd6 Nxa1 23. Qxe6+ Kh8 24. Bb5 Nc2 25. Qxc6 Qxc6 26. Bxc6
Rab8 27. Nb5 Nb4 28. Bd5 f5 29. Rc1 Rbc8 30. Rc3 Rxc3 31. bxc3
Nd3 32. Nd6 g6 33. f3 Rb8 34. Nb7 Nf4 35. Bc6 fxe4 36. fxe4
Ne2+ 37. Kf2 Nxc3 38. Nxa5 Nxa4 39. Bxa4 Ra8 40. Bc6 Rxa5
41. Kf3 Kg7 42. Kf4 Kf6 43. Bd5 h6 44. g3 Ra4 45. Bc6 Ra1
46. Bb5 Rd1 47. Bc4 Rd4 48. Bd5 Rb4 49. Ba2 Rb2 50. Bd5 Rf2+
51. Ke3 Rf1 52. Ke2 Rb1 53. Kf3 Ke5 54. Kg4 Rf1 55. Bc6 Kd4
56. Kh3 Ke3 57. Be8 Kf3 58. Kh2 Rf2+ 59. Kg1 Rg2+ 60. Kf1 Rb2
61. Ke1 Rb6 62. Bd7 Kxe4 63. Bg4 Ke3 64. Kf1 h5 0-1

[Event "Chinese Team Championship"]
[Site "China CHN"]
[Date "2015.07.27"]
[EventDate "2015.04.10"]
[Round "11.6"]
[Result "1/2-1/2"]
[White "Ding Yixin"]
[Black "Shen Yang"]
[WhiteElo "2434"]
[BlackElo "2459"]
[PlyCount "60"]

1. e4 e5 2. Nf3 Nc6 3. Nc3 Nf6 4. Be2 Bb4 5. Nd5 Bc5 6. d3 h6
7. c3 O-O 8. O-O d6 9. b4 Bb6 10. a4 a6 11. Nxb6 cxb6 12. Ba3
Re8 13. Re1 b5 14. axb5 axb5 15. Bb2 Bd7 16. Bf1 Qb6 17. h3
Rad8 18. Qb1 Be6 19. d4 exd4 20. cxd4 d5 21. e5 Ne4 22. Qd3
Nxb4 23. Qb3 Nc6 24. Qxb5 Qxb5 25. Bxb5 Ra8 26. Bxc6 bxc6
27. Rxa8 Rxa8 28. Ra1 Rxa1+ 29. Bxa1 Bc8 30. Ne1 Ba6 1/2-1/2

[Event "Chinese Team Championship"]
[Site "China CHN"]
[Date "2015.08.20"]
[EventDate "2015.04.10"]
[Round "12.2"]
[Result "0-1"]
[White "Tianlu Gu"]
[Black "Shen Yang"]
[WhiteElo "2182"]
[BlackElo "2459"]
[PlyCount "82"]

1. e4 e5 2. Nf3 Nc6 3. Nc3 Nf6 4. d4 exd4 5. Nxd4 Bb4 6. Nxc6
bxc6 7. Bd3 O-O 8. O-O d5 9. exd5 cxd5 10. Bg5 c6 11. Qf3 Rb8
12. Ne2 Bd6 13. Nd4 Rb6 14. Bxf6 Qxf6 15. Qxf6 gxf6 16. Rab1
Re8 17. Rfe1 Re5 18. Nf3 Rxe1+ 19. Rxe1 Be6 20. b3 c5 21. Nh4
a5 22. g3 Be5 23. f4 Bc3 24. Re2 a4 25. g4 h6 26. h3 c4
27. bxc4 dxc4 28. Be4 Bd4+ 29. Kg2 c3 30. Nf5 Bc5 31. Re1 Bxa2
32. Rd1 Rb8 33. Ra1 Rb2 34. Rd1 Bb6 35. Rd7 Be6 36. Rb7 Bc5
37. Rc7 Bf8 38. Ra7 a3 39. Ra8 Rxc2+ 40. Kg3 Bxf5 41. gxf5 Rd2
0-1

[Event "Chinese Team Championship"]
[Site "China CHN"]
[Date "2015.08.21"]
[EventDate "2015.04.10"]
[Round "13.5"]
[Result "1-0"]
[White "Shen Yang"]
[Black "Yiyi Xiao"]
[WhiteElo "2459"]
[BlackElo "2218"]
[PlyCount "75"]

1. d4 Nf6 2. c4 e6 3. Nf3 Bb4+ 4. Bd2 Qe7 5. g3 O-O 6. Bg2
Bxd2+ 7. Nfxd2 d6 8. O-O e5 9. e3 Nc6 10. d5 Nb8 11. Nc3 a5
12. a3 Na6 13. b4 Bf5 14. e4 Bg4 15. Qb1 axb4 16. axb4 Bh5
17. Ra5 Nd7 18. Qb2 Qg5 19. Rb5 Rab8 20. Ra1 Bg6 21. Bh3 Qe7
22. Nb3 f5 23. exf5 Bxf5 24. Bxf5 Rxf5 25. Ne4 Nb6 26. c5 Qe8
27. Nxd6 cxd6 28. Rxb6 e4 29. Nd4 Rf6 30. Ne6 e3 31. f4 Qh5
32. Rxd6 Qg4 33. Re1 Ra8 34. Rd7 Rf7 35. Rxf7 Kxf7 36. Qb3 e2
37. Ng5+ Kg6 38. d6 1-0

[Event "Chinese Team Championship"]
[Site "China CHN"]
[Date "2015.08.22"]
[EventDate "2015.04.10"]
[Round "14.4"]
[Result "1/2-1/2"]
[White "Zhang Xiaowen"]
[Black "Shen Yang"]
[WhiteElo "2349"]
[BlackElo "2459"]
[PlyCount "60"]

1. e4 e5 2. Nf3 Nc6 3. Bb5 Nf6 4. d3 Bc5 5. c3 O-O 6. O-O d6
7. Nbd2 Bb6 8. Nc4 Ne7 9. Ba4 Ng6 10. Bc2 c6 11. Nxb6 axb6
12. Re1 h6 13. d4 b5 14. Be3 Be6 15. a3 Re8 16. h3 Qc7 17. Qd2
Rad8 18. Rad1 d5 19. Nxe5 Nxe4 20. Bxe4 dxe4 21. Nxg6 fxg6
22. Bf4 Qf7 23. Rxe4 Bd5 24. Rxe8+ Rxe8 25. Bg3 Qf5 26. Re1
Rxe1+ 27. Qxe1 Qe4 28. Qxe4 Bxe4 29. f3 Bd5 30. Kf2 Kf7
1/2-1/2

[Event "Chinese Team Championship"]
[Site "China CHN"]
[Date "2015.08.23"]
[EventDate "2015.04.10"]
[Round "15.1"]
[Result "1/2-1/2"]
[White "Shen Yang"]
[Black "Zhao Xue"]
[WhiteElo "2459"]
[BlackElo "2527"]
[PlyCount "84"]

1. d4 Nf6 2. c4 e6 3. Nf3 d5 4. Nc3 Bb4 5. Bg5 h6 6. Bxf6 Qxf6
7. Qa4+ Nc6 8. e3 O-O 9. Rc1 Qg6 10. Qc2 Qxc2 11. Rxc2 Rd8
12. c5 e5 13. a3 Bxc3+ 14. Rxc3 exd4 15. Nxd4 Nxd4 16. exd4
Re8+ 17. Re3 Bd7 18. Bd3 b5 19. Kd2 a5 20. c6 Bxc6 21. Rc1
Rxe3 22. fxe3 Ra6 23. Rc5 Rb6 24. Be2 Kf8 25. Bf3 Ke7 26. Bxd5
Bxd5 27. Rxd5 Rg6 28. g3 Rg5 29. Rxg5 hxg5 30. e4 Kd6 31. b4
axb4 32. axb4 Ke6 33. Ke3 f6 34. Kf3 f5 35. e5 c5 36. dxc5
Kxe5 37. h4 g4+ 38. Kf2 g6 39. Ke3 Ke6 40. Kd4 Kf6 41. Kd3 Ke7
42. Ke3 Ke6 1/2-1/2